=LDR 00000nam 2200000 4500 =001 INLIS000000000033299 =005 20141017105213.0 =006 =007 =008 ind =035 ##$$a 0010-061300000033299 =041 ##$$a ind =082 ##$$a 346.03 =090 ##$$a 346.03, Ham,d =100 ##$$a Hamzah,Jur Andi =245 ##$$a Delik-Delik Tertentu (Speciate Belicten) di Dalam KUHP, Jur Andi Hamzah =260 ##$$a 2009 $b Jakarta =300 ##$$a xx,206 hlm., 21 cm =650 ##$$a Delik =850 ##$$a NBPNMAT =990 ##$$a 94174/BPAP-NTB/2014 =990 ##$$a 94178/BPAP-NTB/2014 =990 ##$$a 21196529/BPAP-NTB/2014 =990 ##$$a 0001/BPAP-NTB/20142014